000 00644nam a2200241 i 4500
001 C2-0030190
003 PPAK
005 20190630222028.0
008 970217s1987 enka|||| ||||| | eng d
020 _a0356118045
040 _aPPAK
_beng
_cPPAK
_erda
082 0 4 _a155.422
_223
090 0 0 _a155.422
_bCON
_dR
100 1 _aConner, Edwina,
_eauthor
245 1 0 _aPre-school play activities
264 1 _aLondon :
_bMacDonald ,
_c1987
300 _a120 pages :
_billustrations ;
_c26 cm
336 _2rdacontent
_atext
337 _2rdamedia
_aunmediated
338 _2rdacarrier
_avolume
650 1 0 _aEducational games
942 _ddc
_cB
999 _c5685
_d5685